LEADER 00989nam a2200241 i 4500 001 000000231320 003 CaOOAMICUS 005 20140722000000.0 008 140722s1963 it u000 u ita u 013 $a210223 040 $aSeMil$bita 100 1 $aMazzucchelli, Mario.$0(OLS)http://semarc/name/42767 245 12$aI segreti del processo di Verona /$cdi Mario Mazzucchelli. 260 $aMilano :$bCino del Duca,$c1963. 300 $a230 p., [4] c. di tav. :$bill. ;$c20 cm. 490 0 $aLa bocca della verità ;$v1 650 4$aProcesso di Verona <1944>.$0(OLS)http://semarc/subject/32996 830 3$aLa bocca della verità ;$v1.$0(OLS)http://semarc/title/41069 850 $aSeMil 852 $aSeMil$W1$xVenegono$y1$m3U III 489$j181666$B181666$CSeMilBibl$Z2$F193062 $81 961 $aLascito: Colombo Card. Giovanni 996 $6245$aI segreti del processo di Verona$9(OLS)http://semarc/title/330362 996 $6260$aMilano :$bCino del Duca$9(OLS)http://semarc/publisher/41274 LEADER 00879nam a2200205 i 4500 001 000000067452 003 CaOOAMICUS 005 20130607000000.0 008 130607s1878 xx u000 u lat u 013 $a38624 040 $aSeMil$bita 245 10$aCosmologia, psychologia et theologia naturalis. 300 $a528 p. 650 4$aTeologia naturale.$0(OLS)http://semarc/subject/2013 650 4$aCosmologia.$0(OLS)http://semarc/subject/1855 650 4$aPsicologia - Antropologia filosofica.$0(OLS)http://semarc/subject/2015 773 0 $aZigliara, Tommaso Maria $tSumma philosophica in usum scholarum.$bEditio altera.$dLyon : Ve Briday, 1877-1878.$g2$w()6111 850 $aSeMil 852 $aSeMil$W1$xVenegono$y1$m2O I 50 FA$j33605$B33605$CSeMilBibl$Z2$F33608 $8I 996 $6245$aCosmologia, psychologia et theologia naturalis$9(OLS)http://semarc/title/107494 LEADER 01583nam a2200301 i 4500 001 000000153261 003 CaOOAMICUS 005 20241121124650.0 008 060918s2006 gw u000 u eng u 013 $a130602 020 $a3-11-018994-1 040 $aSeMil$bita 100 1 $aJoo, Samantha.$0(OLS)http://semarc/name/60010 245 10$aProvocation and Punishment :$bthe Anger of God in the Book of Jeremiah and Deuteronomistic Theology /$cSamantha Joo. 260 $aBerlin ; New York :$bDe Gruyter,$c2006. 300 $axiv, 320 p. :$bill. ;$c24 cm. 490 0 $aBeihefte zur Zeitschrift für die alttestamentliche Wissenschaft ;$v361 650 4$aBibbia. Antico Testamento. Geremia - Commentari, studi, critica, interpretazioni.$0(OLS)http://semarc/subject/29 650 4$aBibbia. Antico Testamento. Deuteronomio - Commentari, studi, critica, interpretazioni.$0(OLS)http://semarc/subject/2785 650 4$aDio - Ira - Teologia.$0(OLS)http://semarc/subject/27108 830 0$aBeihefte zur Zeitschrift für die alttestamentliche Wissenschaft ;$v361.$0(OLS)http://semarc/title/294 850 $aSeMil 852 $aSeMil$W1$xVenegono$y1$m2XA Q 361$j251148$B105203$CSeMilBibl$Z2$F114450 $81 961 $aSottoscrizione: De Gruyter 996 $6020$a3-11-018994-1$9(OLS)http://semarc/number/143052 996 $6245$aProvocation and Punishment :$bthe Anger of God in the Book of Jeremiah and Deuteronomistic Theology$9(OLS)http://semarc/title/224180 996 $6260$aBerlin ; New York :$bDe Gruyter$9(OLS)http://semarc/publisher/29892